000 01053cab a2200265 4500
001 E84582
008 090401t1997 xxu||||| |||| 00| 0 eng d
035 _a(Sirsi) u78979
041 _aeng
245 _aHanlin v Nithsdale District Council
260 _c1997
350 _a0
490 _aGreens Housing Law Reports
_v1997 HousLR 6-11(6)
520 _aOuter House. 9 November 1994. Housing - homeless persons - intentional homelessness - whether last accommodation settled accommodation - whether local authority had carried out proper inquiries into intentional homelessness - whether failure to give proper notice of reasons for decision - Housing (Scotland) Act 1987 (c26) ss26,28,30.
650 _aHOMELESS PERSONS
650 _aHOMELESSNESS
650 _aHOUSING (SCOTLAND) ACT 1987 S26
650 _aHOUSING (SCOTLAND) ACT 1987 S28
650 _aHOUSING (SCOTLAND) ACT 1987 S30
650 _aHOUSING (SCOTLAND) ACT 1987
650 _aLOCAL AUTHORITY HOUSING
690 _aHOUSING-CASE LAW
942 _n0
948 _c17/06/1997
999 _c49633
_d49633